1183 1788 1808 1011 1354 1572 1253 1315 1966 1143 1580 1329 1024 1504 1660 1334 1425 1828 1239 1238 1827 1368 1686 1362 1904 1044 1133 1513 1216 1196 1535 1719 1653 1192 1385 1486 1240 1291 1536 1578 1158 1923 1996 1449 1452 1088 1176 1947 1353 1723 1570 1951 1062 1736 1895 1038 1936 1344 1397 1142 1438 1837 1038 1445 1924 1130 1376 1303 1322 1037 1351 1268 1037 1217 1404 1284 1591 1457 1905 1021 1069 1321 1232 1884 1662 1771 1997 1300 1651 1469 1879 1898 1874 1099 1256 1606 1272 1771 1550 BCNSPRNW ULIB Ver.6.0+V

เปลี่ยนเป็นภาษาไทย

Change to English
 แสดงรายละเอียดบรรณานุกรม
  กลับหน้าหลัก

Brief Record : Get Marc (ISO 2709) : E-mail record : QR code < ปิดหน้าต่าง
LEADER : 00000nam 2200000uu 4500
001    13399122829
003     ULIB
008    131009s2555||||th 000 0 tha d
020    ^a9786162590191
050 04 ^aBQ5578^bพ996ส
100 1  ^aพระไพศาล วิสาโล
245 10 ^aสวดก่อนตายดีกว่านอนตายฟังสวด /^cพระไพศาล วิสาโล
260    ^aกรุงเทพฯ :^bบ้านสยาม,^c2555
300    ^a60 หน้า
650  7 ^aสวดมนต์
650  7 ^aหนังสือสวดมนต์
945    ^p59^l0^i034057
949    ^aทศพร
999    ^aทศพร
รายการนี้ยังไม่มีแท็ก
คุณยังไม่ได้ล็อกอิน คุณสามารถมีกิจกรรมร่วมกับเว็บไซต์ได้ แต่ต้องล็อกอินก่อน ::
  ล็อกอิน

รายการสื่อสารสนเทศ

ลำดับที่ ประเภท เลขเรียก/บาร์โค้ด สถานที่ สถานะ
1. การศึกษาทั่วไป
หนังสือสำรอง
สถานะ=หนังสือสำรอง
BQ5578 พ996ส ฉ.1 
  Barcode: 034057
ห้องสมุดวิทยาเขตสวรรค์ประชารักษ์
►หนังสือทั่วไป
บนชั้น

รายการใกล้เคียง
    ผู้แต่ง [พระไพศาล วิสาโล]

    หัวเรื่อง [สวดมนต์]
    หัวเรื่อง [หนังสือสวดมนต์]

BibComment


ยังไม่เคยถูกคอมเมนท์

คอมเมนท์ทรัพยากรรายการนี้
  คอมเมนท์: สวดก่อนตายดีกว่า..


 Copyright 2026. Bcnsprnw @Library